Vidyasagar : (Record no. 67756)

MARC details
000 -LEADER
fixed length control field 00578nam a22001577a 4500
005 - DATE AND TIME OF LATEST TRANSACTION
control field 2012060906116.0
020 ## - INTERNATIONAL STANDARD BOOK NUMBER
International Standard Book Number 81864680201
Terms of availability 100.00
035 ## - SYSTEM CONTROL NUMBER
System control number A-828354
037 ## - SOURCE OF ACQUISITION
Stock number DPL
Source of stock number/acquisition ENG
100 ## - MAIN ENTRY--PERSONAL NAME
Personal name Adhikari, Santosh Kumar
245 ## - TITLE STATEMENT
Title Vidyasagar :
Remainder of title Educator, reformer and humanist /
Statement of responsibility, etc by Santosh Kumar Adhikari
260 ## - PUBLICATION, DISTRIBUTION, ETC. (IMPRINT)
Place of publication, distribution, etc Calcutta
Name of publisher, distributor, etc Sahityika
Date of publication, distribution, etc 1995
300 ## - PHYSICAL DESCRIPTION
Extent viii, 152p.
Dimensions 18 cms.
942 ## - ADDED ENTRY ELEMENTS (KOHA)
Source of classification or shelving scheme Dewey Decimal Classification
Item type English Books
Classification part 361.3092
Call number suffix ADH
Holdings
Withdrawn status Lost status Not for loan Collection code Home library Current library Date acquired Cost, normal purchase price Full call number Barcode Cost, replacement price Koha item type
      Non-fiction Sarojini Nagar Sarojini Nagar 09/06/2012 100.00 361.3092 ADH A-828354 100.00 English Books

© Delhi Public Library
Hit Counter
free hit counter